000 00218nam a22000857a 4500
008 170216b xxu||||| |||| 00| 0 eng d
100 _92884
_aArora.S
245 _aInformation Practics XII
260 _aNew Delhi
_bDhanpat
_c2011
999 _c6113
_d6113